| 000 | 00891nam a2200277 i 4500 | ||
|---|---|---|---|
| 001 | 000043491 | ||
| 003 | DO-SdBNP | ||
| 005 | 20250818101341.0 | ||
| 007 | ta | ||
| 008 | 140319s2014 dr a 000 0 spa d | ||
| 020 | _a9789993445180 | ||
| 040 |
_aDO-SdBNP _bspa _cBNPHU _erda |
||
| 041 | _aspa | ||
| 082 | 4 |
_axxx _bG216d _222 |
|
| 100 | 1 |
_aGarcía Molina, Bartolo, _eautor _4aut. _96 |
|
| 245 | 1 | 3 |
_aEl Discurso : _bcategorías y estrategias / _cBartolo García Molina. |
| 264 | 4 |
_aSanto Domingo : _bEditorial Surco, _c©2014. |
|
| 300 |
_a214 páginas : _bilustraciones ; _c23 cm. |
||
| 336 |
_atexto _btxt _2rdacontent |
||
| 337 |
_asin mediación _bn _2rdamedia |
||
| 338 |
_avolumen _bnc _2rdacarrier |
||
| 500 | _aIncluye datos biografícos del autor en la solapa de la cubierta | ||
| 504 | _aBibliografía : páginas 203-214 | ||
| 590 | _aInventariado, 2019/VM | ||
| 942 |
_2ddc _cLBS1 |
||
| 999 |
_c42980 _d42980 |
||